000 00551cam a22001933a 4500
001 44045
003 PGUSA
005 20140828084013.0
008 131026s2013||||xxu|||||s|||||000 | eng d
040 _aPGUSA
_beng
042 _adc
245 1 0 _aYoung Oliver ;
_bor, the Thoughtless Boy : A Tale
_h[electronic resource] /
_cAnonymous
260 _bProject Gutenberg,
_c2013
506 _aPublic domain in the USA.
516 _aElectronic text
830 0 _aProject Gutenberg
_v44045
856 4 0 _uhttp://www.gutenberg.org/ebooks/44045
942 _cEB
999 _c273296
_d273296